Focus sur: Eluréd - Tolkien - Statistiques

Statistiques générales
  • Ce quiz a été pris 8 fois
  • Le résultat moyen est 8 sur 10
Statistiques - réponses
Informations recherchées Réponses % Correct
Espèce Elfe
100%
Première apparition Le Silmarillion
100%
Age durant lequel il vécut Premier
100%
Groupe de l'espèce Sindar
100%
Frère Elurín
80%
Père Dior Eluchíl
60%
Royaume Doriath
60%
Sœur Elwing
60%
Cité Menegroth
60%
Mère Nimloth
60%
Aucun quiz correspondant
Distribution des résultats
% des personnes avec chaque résultat
Percentile par nombre de réponses
Votre historique - résultats
Vous n’avez pas pris ce quiz